01898cam a2200433 i 4500001001200000003000600012005001700018008004100035020004800076035002200124035002300146040007800169045001700247046000900264100002700273245015800300260012200458300006400580336002700644337005400671338002800725380001600753380002300769388001000792490003100802504004600833610004300879610005400922648001900976648001900995650004101014650002001055650006801075651004901143655002001192658001301212710012701225830011201352xx004867691NUKAT20260427105335.0200522s2020 pl a |001 0 pol c a9788380987364q(oprawa twarda) :czł 35,00 a(OCoLC)1156634878 a(NUKAT)xx004867691 aGD U/MJbpolerdacGD U/MJsdWR O/KPdSZCZ U/ABdWA 14/ABsdOLSZT 008/bak2 bd1939bd1945 k20201 aBorcz, Andrzej.eAutor10aObwód Łańcut SZP-ZWZ-AK w latach 1939-1945 /cAndrzej Borcz ; Instytut Pamięci Narodowej. Komisja Ścigania Zbrodni przeciwko Narodowi Polskiemu. aKraków ;aWarszawa :bInstytut Pamięci Narodowej. Komisja Ścigania Zbrodni przeciwko Narodowi Polskiemu,c2020. a463, [1] strona, [64] strony tablic :bilustracje ;c25 cm. aTekstbtxt2rdacontent aBez urządzenia pośredniczącegobn2rdamedia aWoluminbnc2rdacarrier aKsiążki aPublikacje naukowe1 a2001-1 aSeria Monografie ;vt. 148 aBibliografia na stronach 399-420. Indeks.27aObwód Łańcut (Armia Krajowa)2DBN17aPolska.bArmia Krajowa.bObwód Łańcut.2kaba 7a1901-20002DBN 7a1939-19452DBN 7aII wojna światowa (1939-1945)2DBN 7aRuch oporu2DBN 7aWojna światowa (1939-1945)xhistoria jednostekzPolska.2kaba 7aŁańcut (woj. podkarpackie ; okolice)2DBN 7aMonografia2DBN aHistoria2 aInstytut Pamięci Narodowej - Komisja Ścigania Zbrodni przeciwko Narodowi Polskiemu.eInstytucja sprawczaeWydawca4pbl 0aMonografie - Instytut Pamięci Narodowej - Komisja Ścigania Zbrodni przeciwko Narodowi Polskiemuvt. 148